| 000 | 00622nam a2200193 4500 | ||
|---|---|---|---|
| 001 | 120559 | ||
| 003 | ES-MaACL | ||
| 005 | 20230906191558.0 | ||
| 007 | t| | ||
| 008 | 070214s1970 sp r ||||1| spa d | ||
| 100 | 1 |
_aPizan, Manuel. _9176616 |
|
| 245 | 1 | 3 |
_aEl joven Unamuno _b: (influencia hegeliana y marxista) / _cManuel Pizan. |
| 260 |
_aMadrid : _bAyuso, _c1970. |
||
| 300 |
_a70 p. ; _c19 cm. |
||
| 600 | 1 | 4 |
_aUnamuno, Miguel de, _d1864-1936- _xCrÃtica e interpretación _9111984 |
| 600 | 1 | 4 |
_aHegel, Georg Wilhelm Friedrich- _xInfluencia. _9172393 |
| 852 |
_aES-MaACL _jC-40112 |
||
| 999 |
_c120559 _d120559 |
||